[Event "55th NED-ch"]
[Site "Rotterdam NED"]
[Date "1999.05.29"]
[Round "1"]
[White "Janssen, Ruud"]
[Black "Cifuentes Parada, Roberto"]
[Result "0-1"]
[WhiteElo "2175"]
[BlackElo "2529"]
[EventDate "1999.05.29"]
[PlyCount "90"]

1.Nf3 d5 2.d4 Nf6 3.c4 c6 4.Nc3 e6 5.Bg5 h6 6.Bh4 dxc4 7.e4 Be7 8.e5 Nd5 
9.Bxe7 Qxe7 10.Bxc4 Qb4 11.Qb3 Qxb3 12.axb3 Ke7 13.Kd2 Rd8 14.Bxd5 exd5 
15.h3 Nd7 16.Ne1 f6 17.Nd3 fxe5 18.Nxe5 Nxe5 19.Rhe1 Rf8 20.Rxe5+ Kd6 21.
Ke3 Bd7 22.f4 g5 23.fxg5 hxg5 24.Re1 Rae8 25.Kd3 a5 26.Rxe8 Bxe8 27.Re5 
Bg6+ 28.Ke3 Rf5 29.Rxf5 Bxf5 30.Kd2 c5 31.Ne2 b6 32.Kc3 Ke6 33.Kd2 Kd6 34.
Kc3 b5 35.dxc5+ Kxc5 36.Kd2 d4 37.b4+ axb4 38.Nc1 Kc4 39.b3+ Kd5 40.Nd3 
Ke4 41.g3 Kf3 42.h4 g4 43.h5 Kxg3 44.h6 Kh2 45.Nf4 g3 0-1

[Event "55th NED-ch"]
[Site "Rotterdam NED"]
[Date "1999.05.29"]
[Round "1"]
[White "Peng, Zhaoqin"]
[Black "Van der Wiel, John"]
[Result "0-1"]
[WhiteElo "2574"]
[BlackElo "2526"]
[EventDate "1999.05.29"]
[PlyCount "77"]

1.d4 d5 2.c4 c6 3.Nc3 Nf6 4.Nf3 a6 5.Ne5 e6 6.c5 Nbd7 7.Bf4 Nxe5 8.Bxe5 
Nd7 9.Bg3 e5 10.e3 Be7 11.Be2 O-O 12.b4 exd4 13.exd4 Bf6 14.Rc1 Re8 15.O-O
Nf8 16.Qd2 a5 17.a3 axb4 18.axb4 Ne6 19.Be5 Bxe5 20.dxe5 f6 21.exf6 Qxf6 
22.Rfe1 Bd7 23.Bf1 Nd4 24.Rxe8+ Bxe8 25.Rd1 Ne6 26.Bd3 Bh5 27.Be2 Bg6 28.
Bg4 Nf4 29.Ne2 Nd3 30.Ng3 Rf8 31.Bf3 Qf4 32.b5 Qxd2 33.Rxd2 Nxc5 34.h4 Nb3
35.Ra2 Nd4 36.b6 Nxf3+ 37.gxf3 Bd3 38.Kg2 g6 39.Ne2 0-1

[Event "55th NED-ch"]
[Site "Rotterdam NED"]
[Date "1999.05.29"]
[Round "1"]
[White "Piket, Jeroen"]
[Black "Nijboer, Friso"]
[Result "1-0"]
[WhiteElo "2619"]
[BlackElo "2515"]
[EventDate "1999.05.29"]
[PlyCount "81"]

1.d4 Nf6 2.c4 g6 3.Nc3 Bg7 4.e4 d6 5.Nf3 O-O 6.Be2 e5 7.O-O Nc6 8.d5 Ne7 
9.Ne1 Nd7 10.Be3 f5 11.f3 f4 12.Bf2 g5 13.Rc1 Ng6 14.c5 Nxc5 15.b4 Na6 16.
Nd3 Rf7 17.Nb5 Bd7 18.a4 h5 19.Nxa7 Bf8 20.Nb5 Rg7 21.Rc4 Nh8 22.g4 hxg4 
23.fxg4 Rh7 24.Kg2 Qf6 25.h3 c6 26.Nc3 Nc7 27.Bf3 Ne8 28.dxc6 bxc6 29.b5 
Qf7 30.Nb2 cxb5 31.axb5 Be6 32.Ra4 Rxa4 33.Nbxa4 Nf6 34.Nb6 Ng6 35.Nbd5 
Nxd5 36.exd5 Bc8 37.Ne4 Nh4+ 38.Bxh4 Rxh4 39.Qd3 Bb7 40.Nxg5 Qf6 41.Ne6 
1-0

[Event "55th NED-ch"]
[Site "Rotterdam NED"]
[Date "1999.05.30"]
[Round "2"]
[White "Nijboer, Friso"]
[Black "Van der Wiel, John"]
[Result "1-0"]
[WhiteElo "2515"]
[BlackElo "2526"]
[EventDate "1999.05.29"]
[PlyCount "45"]

1.e4 g6 2.d4 Bg7 3.Nc3 c6 4.Nf3 d6 5.h3 Nf6 6.Bf4 Qa5 7.Bd3 e5 8.Bh2 Nbd7 
9.O-O O-O 10.Re1 Nh5 11.Bf1 Qb6 12.Na4 Qa5 13.c4 Rd8 14.Rb1 exd4 15.b4 Qc7
16.g4 Nhf6 17.c5 Ne8 18.cxd6 Qb8 19.e5 f6 20.exf6 Bxf6 21.Nc5 Nxd6 22.Qb3+
Kh8 23.Qe6 1-0

[Event "55th NED-ch"]
[Site "Rotterdam NED"]
[Date "1999.05.30"]
[Round "2"]
[White "Piket, Jeroen"]
[Black "Van den Doel, Erik"]
[Result "1/2-1/2"]
[WhiteElo "2619"]
[BlackElo "2535"]
[EventDate "1999.05.29"]
[PlyCount "65"]

1.d4 Nf6 2.c4 e6 3.Nf3 b6 4.a3 Bb7 5.Nc3 d5 6.Bg5 Be7 7.e3 O-O 8.Rc1 Nbd7 
9.cxd5 exd5 10.Bd3 c5 11.dxc5 Nxc5 12.O-O Nfe4 13.Bxe7 Qxe7 14.Nb5 Nxd3 
15.Qxd3 Nc5 16.Qc2 Ba6 17.Nfd4 Qd7 18.a4 Rfc8 19.Rfd1 Ne6 20.Qf5 Rxc1 21.
Rxc1 Bxb5 22.Nxb5 Rd8 23.Nd4 Rc8 24.Rxc8+ Qxc8 25.g3 Qc1+ 26.Kg2 Nxd4 27.
exd4 Qc6 28.Qe5 g6 29.Qb8+ Kg7 30.Qxa7 Qe6 31.Kf1 Qc6 32.b3 Qf6 33.a5 
1/2-1/2

[Event "55th NED-ch"]
[Site "Rotterdam NED"]
[Date "1999.05.30"]
[Round "2"]
[White "Reinderman, Dimitri"]
[Black "Peng, Zhaoqin"]
[Result "0-1"]
[WhiteElo "2541"]
[BlackElo "2574"]
[EventDate "1999.05.29"]
[PlyCount "154"]

1.c4 e5 2.Nc3 Nf6 3.Nf3 Nc6 4.g3 Bb4 5.Nd5 d6 6.Nxb4 Nxb4 7.Bg2 O-O 8.O-O 
e4 9.Ne1 Bf5 10.a3 Nc6 11.d3 Re8 12.b3 d5 13.cxd5 Qxd5 14.Bb2 Qe6 15.dxe4 
Bxe4 16.Bxe4 Nxe4 17.Rc1 Rad8 18.Nd3 Ng5 19.Re1 Rd6 20.Qc2 Qe4 21.h4 Ne6 
22.Nb4 Qxc2 23.Nxc2 Nc5 24.b4 Nb3 25.Rb1 h5 26.Ne3 Nbd4 27.Rbc1 a6 28.Kf1 
Red8 29.Red1 f6 30.Rd3 Ne6 31.Rxd6 Rxd6 32.Ke1 Kf7 33.Nc4 Rd7 34.e3 Ne7 
35.Nd2 Nd5 36.Ke2 Nb6 37.Nb3 Na4 38.Ba1 c6 39.e4 Nc7 40.Nd4 Nb5 41.Nc2 c5 
42.bxc5 Nxc5 43.f3 Na4 44.Rg1 Rc7 45.Kd2 Nd6 46.Ne3 Nb5 47.e5 Rd7+ 48.Ke1 
Rd3 49.Ke2 Rxa3 50.exf6 Nac3+ 51.Kd2 gxf6 52.g4 Nd4 53.Nc4 Nxf3+ 54.Ke3 
Nd1+ 55.Kf4 Rxa1 56.Kxf3 hxg4+ 57.Rxg4 b5 58.Nd6+ Ke6 59.Nb7 Nc3 60.Rd4 a5
61.Nc5+ Kf5 62.Ke3 Rh1 63.Kd3 Rh3+ 64.Kc2 b4 65.Nd3 Rh2+ 66.Kb3 Rd2 67.Kc4
Rd1 68.Rf4+ Kg6 69.Rg4+ Kf7 70.Rf4 Ke6 71.h5 Rh1 72.Nc5+ Ke7 73.Rd4 Rxh5 
74.Rd7+ Ke8 75.Ra7 Rxc5+ 76.Kxc5 b3 77.Rb7 b2 0-1

[Event "55th NED-ch"]
[Site "Rotterdam NED"]
[Date "1999.05.31"]
[Round "3"]
[White "Janssen, Ruud"]
[Black "Piket, Jeroen"]
[Result "0-1"]
[WhiteElo "2175"]
[BlackElo "2619"]
[EventDate "1999.05.29"]
[PlyCount "76"]

1.Nf3 d5 2.c4 e6 3.d4 Nf6 4.g3 dxc4 5.Bg2 a6 6.O-O Nc6 7.e3 Bd7 8.Qe2 b5 
9.Ne5 Nxe5 10.Bxa8 Qxa8 11.dxe5 Ne4 12.a4 Qb7 13.axb5 axb5 14.f3 Nc5 15.e4
Nb3 16.Ra2 Nxc1 17.Rxc1 Bc5+ 18.Kg2 Bd4 19.Qd2 c5 20.Nc3 O-O 21.Rca1 Bc6 
22.Ra7 Qb8 23.R7a6 Qc7 24.R1a5 Rb8 25.Qg5 h6 26.Qh5 b4 27.Ra7 Rb7 28.Ra8+ 
Kh7 29.Nd5 Qxe5 30.Qxe5 Bxe5 31.Ne3 c3 32.b3 Bd4 33.Nc2 e5 34.Kf1 Bb5+ 35.
Ke1 Bd3 36.Kd1 c4 37.Ne1 c2+ 38.Nxc2 cxb3 0-1

[Event "55th NED-ch"]
[Site "Rotterdam NED"]
[Date "1999.05.31"]
[Round "3"]
[White "Nikolic, Predrag"]
[Black "Van Wely, Loek"]
[Result "1-0"]
[WhiteElo "2633"]
[BlackElo "2632"]
[EventDate "1999.05.29"]
[PlyCount "71"]

1.d4 d5 2.c4 c6 3.Nc3 dxc4 4.e4 b5 5.a4 b4 6.Nce2 e6 7.Nf3 c5 8.Ng3 cxd4 
9.Bxc4 Ba6 10.Qd3 Qc8 11.Bb5+ Bxb5 12.Qxb5+ Nd7 13.Nxd4 a6 14.Qe2 Nc5 15.
O-O Qb7 16.Re1 Nf6 17.Bg5 Nfd7 18.Rad1 g6 19.e5 Bg7 20.Nf3 h6 21.Bf4 a5 
22.h4 h5 23.Qe3 Nxa4 24.Ne4 O-O 25.Bh6 Nxb2 26.Rd4 Na4 27.Rxd7 Qxd7 28.
Nf6+ Bxf6 29.exf6 Qa7 30.Qg5 Qc5 31.Re5 Rfc8 32.Rxc5 Rxc5 33.Ne5 Rxe5 34.
Qxe5 b3 35.Bc1 Rc8 36.Qf4 1-0

[Event "55th NED-ch"]
[Site "Rotterdam NED"]
[Date "1999.05.31"]
[Round "3"]
[White "Peng, Zhaoqin"]
[Black "Van der Sterren, Paul"]
[Result "0-1"]
[WhiteElo "2574"]
[BlackElo "2535"]
[EventDate "1999.05.29"]
[PlyCount "80"]

1.d4 Nf6 2.c4 e6 3.Nc3 Bb4 4.Qc2 O-O 5.a3 Bxc3+ 6.Qxc3 b6 7.f3 d5 8.e3 Ba6
9.Nh3 Nbd7 10.b4 c5 11.dxc5 bxc5 12.b5 Bb7 13.Be2 dxc4 14.Bb2 Nb6 15.Rd1 
Qe7 16.O-O a6 17.bxa6 Bxa6 18.Ba1 Na4 19.Qc2 c3 20.Bxa6 Rxa6 21.e4 Rfa8 
22.Rc1 Nd7 23.Rfd1 h6 24.Nf2 R6a7 25.Re1 c4 26.Bxc3 Qxa3 27.Bd4 Rc7 28.f4 
c3 29.Qd3 Qb4 30.Qe3 Rac8 31.Nd3 Qe7 32.Ra1 Rc4 33.e5 c2 34.Rec1 Nb8 35.
Ra2 Qd7 36.Ba1 Na6 37.Kf2 Qb5 38.Nb2 Nxb2 39.Rxb2 Qa4 40.g3 Nb4 0-1

[Event "55th NED-ch"]
[Site "Rotterdam NED"]
[Date "1999.05.31"]
[Round "3"]
[White "Van den Doel, Erik"]
[Black "Nijboer, Friso"]
[Result "1-0"]
[WhiteElo "2535"]
[BlackElo "2515"]
[EventDate "1999.05.29"]
[PlyCount "71"]

1.e4 c5 2.Nf3 Nc6 3.d4 cxd4 4.Nxd4 e6 5.Nc3 Qc7 6.Be2 Nf6 7.O-O a6 8.Kh1 
d6 9.f4 Be7 10.Be3 O-O 11.Qe1 Bd7 12.Qg3 Kh8 13.Nf3 Nb4 14.Bd3 Nxd3 15.
cxd3 b5 16.e5 Ne8 17.Bd4 Bc6 18.Rae1 Rd8 19.Ne4 dxe5 20.fxe5 b4 21.Qf2 Qb7
22.Bc5 Kg8 23.Rc1 Bb5 24.Nd4 Bxd3 25.Nxe6 Bxf1 26.Nxd8 Bxd8 27.Bxf8 Bb5 
28.Nd6 Qd7 29.Nxb5 Kxf8 30.Nd6 Nxd6 31.Qd2 Be7 32.Rd1 a5 33.Qd5 g6 34.exd6
Bf6 35.Qxa5 Qg4 36.Qd5 1-0

[Event "55th NED-ch"]
[Site "Rotterdam NED"]
[Date "1999.05.31"]
[Round "3"]
[White "Van der Wiel, John"]
[Black "Reinderman, Dimitri"]
[Result "1/2-1/2"]
[WhiteElo "2526"]
[BlackElo "2541"]
[EventDate "1999.05.29"]
[PlyCount "46"]

1.e4 c5 2.Nf3 Nc6 3.d4 cxd4 4.Nxd4 g6 5.Nc3 Bg7 6.Nde2 Nf6 7.g3 O-O 8.Bg2 
d6 9.O-O Rb8 10.a4 a6 11.h3 b5 12.axb5 axb5 13.Be3 Nd7 14.Nd4 Bxd4 15.Bxd4
b4 16.Ne2 Nxd4 17.Nxd4 Qb6 18.Qd2 Ne5 19.Rfd1 Bd7 20.b3 Rfc8 21.Kh2 Nc6 
22.Nf3 Rc7 23.Ne1 Nd8 1/2-1/2

[Event "55th NED-ch"]
[Site "Rotterdam NED"]
[Date "1999.06.01"]
[Round "4"]
[White "Cifuentes Parada, Roberto"]
[Black "Peng, Zhaoqin"]
[Result "1/2-1/2"]
[WhiteElo "2529"]
[BlackElo "2574"]
[EventDate "1999.05.29"]
[PlyCount "49"]

1.d4 d5 2.c4 dxc4 3.e3 Nf6 4.Bxc4 e6 5.Nf3 c5 6.O-O Nc6 7.Qe2 cxd4 8.Rd1 
Be7 9.exd4 O-O 10.Nc3 Na5 11.Bd3 b6 12.Bg5 Bb7 13.Rac1 Rc8 14.Ba6 h6 15.
Bxb7 Nxb7 16.Be3 Nd6 17.Ne5 Re8 18.h3 Rc7 19.d5 exd5 20.Nxd5 Nxd5 21.Rxd5 
Rxc1+ 22.Bxc1 Bg5 23.Bxg5 Qxg5 24.Rxd6 Rxe5 25.Qd2 1/2-1/2

[Event "55th NED-ch"]
[Site "Rotterdam NED"]
[Date "1999.06.01"]
[Round "4"]
[White "Nijboer, Friso"]
[Black "Reinderman, Dimitri"]
[Result "1/2-1/2"]
[WhiteElo "2515"]
[BlackElo "2541"]
[EventDate "1999.05.29"]
[PlyCount "134"]

1.e4 c5 2.Nf3 Nc6 3.d4 cxd4 4.Nxd4 g6 5.c4 Bg7 6.Be3 Nf6 7.Nc3 Ng4 8.Qxg4 
Nxd4 9.Qd1 Ne6 10.Rc1 Qa5 11.Be2 b6 12.Qd5 Rb8 13.Qxa5 bxa5 14.b3 Bd4 15.
Bxd4 Nxd4 16.e5 Rf8 17.Bd3 f6 18.exf6 Rxf6 19.O-O Ne6 20.Nd5 Rf7 21.f4 Nc5
22.Bc2 Bb7 23.Nc3 Rf6 24.g3 Rb6 25.Rce1 Kf7 26.h4 e6 27.h5 a4 28.Nb5 axb3 
29.axb3 a6 30.Nd4 Rd6 31.Rd1 Be4 32.Bxe4 Nxe4 33.Kg2 gxh5 34.Rfe1 Nc5 35.
Kh3 Kf6 36.Rd2 Rdb6 37.Re5 Nxb3 38.Nxb3 Rxb3 39.Rxd7 Rg8 40.Rg5 Rxg5 41.
fxg5+ Kxg5 42.Rg7+ Kf5 43.Rxh7 e5 44.Rxh5+ Ke4 45.Rh6 a5 46.Ra6 Ra3 47.c5 
Kd3 48.c6 e4 49.Ra8 Rc3 50.Rxa5 Rxc6 51.Rd5+ Ke2 52.g4 e3 53.g5 Kf3 54.
Rf5+ Ke4 55.Rf6 Rc1 56.Re6+ Kf4 57.g6 Rg1 58.Kh2 Rg4 59.Kh3 Rg5 60.Kh2 Kf3
61.Rf6+ Ke4 62.Re6+ Kd3 63.Rd6+ Kc2 64.Rc6+ Kd2 65.Rd6+ Ke1 66.Kh3 e2 67.
Kh4 Rg2 1/2-1/2

[Event "55th NED-ch"]
[Site "Rotterdam NED"]
[Date "1999.06.01"]
[Round "4"]
[White "Piket, Jeroen"]
[Black "Nikolic, Predrag"]
[Result "1/2-1/2"]
[WhiteElo "2619"]
[BlackElo "2633"]
[EventDate "1999.05.29"]
[PlyCount "21"]

1.Nf3 Nf6 2.c4 e6 3.g3 a6 4.Bg2 b5 5.d3 c5 6.O-O Bb7 7.b3 Be7 8.Bb2 O-O 9.
Nbd2 d5 10.Rc1 d4 11.b4 1/2-1/2

[Event "55th NED-ch"]
[Site "Rotterdam NED"]
[Date "1999.06.01"]
[Round "4"]
[White "Van Wely, Loek"]
[Black "Sokolov, Ivan"]
[Result "1-0"]
[WhiteElo "2632"]
[BlackElo "2624"]
[EventDate "1999.05.29"]
[PlyCount "47"]

1.Nf3 c5 2.c4 Nf6 3.Nc3 d5 4.cxd5 Nxd5 5.e4 Nxc3 6.dxc3 Qxd1+ 7.Kxd1 Nc6 
8.Kc2 Bd7 9.a4 e6 10.Bf4 Be7 11.Be2 h6 12.h4 Rc8 13.Rhd1 a6 14.h5 Na5 15.
Ne5 Bc6 16.Nxc6 Rxc6 17.Bb5 axb5 18.axb5 Rc8 19.Rxa5 c4 20.Ra7 Bc5 21.Rxb7
Bxf2 22.Bd6 Bh4 23.Rf1 Rd8 24.e5 1-0

[Event "55th NED-ch"]
[Site "Rotterdam NED"]
[Date "1999.06.01"]
[Round "4"]
[White "Van der Sterren, Paul"]
[Black "Van der Wiel, John"]
[Result "1/2-1/2"]
[WhiteElo "2535"]
[BlackElo "2526"]
[EventDate "1999.05.29"]
[PlyCount "115"]

1.c4 e5 2.Nc3 d6 3.Nf3 f5 4.d4 e4 5.Ng5 c6 6.Nh3 Na6 7.g3 Nf6 8.Bg2 Nc7 9.
O-O Be7 10.f3 exf3 11.exf3 d5 12.cxd5 Nfxd5 13.Nf4 O-O 14.Qb3 Bf6 15.Rd1 
Rf7 16.Nfxd5 Nxd5 17.Nxd5 Qxd5 18.Qxd5 cxd5 19.Bf4 Be6 20.Rac1 g5 21.Be5 
Bxe5 22.dxe5 f4 23.Kf2 Re8 24.Rd4 Ree7 25.Bf1 Rf5 26.gxf4 gxf4 27.Bd3 Rxe5
28.Rg1+ Rg7 29.Rxg7+ Kxg7 30.Rxf4 Bd7 31.h4 Re7 32.Rd4 Bc6 33.b4 a6 34.
Rg4+ Kf6 35.a3 Ke5 36.Ke3 d4+ 37.Rxd4 Bxf3 38.Rf4 Bc6 39.Rf5+ Kd6+ 40.Kd4 
h6 41.Rf6+ Re6 42.Rf7 Re5 43.Rf6+ Re6 44.Rf8 Re8 45.Rf4 Re1 46.Rg4 Rd1 47.
Rg6+ Kc7 48.Kc3 Ra1 49.Kb2 Rd1 50.Kc3 Ra1 51.Rxh6 Rxa3+ 52.Kd4 Ra4 53.h5 
a5 54.Rf6 Rxb4+ 55.Ke5 Rb3 56.Kd4 Rb4+ 57.Ke5 Rb3 58.Kd4 1/2-1/2

[Event "55th NED-ch"]
[Site "Rotterdam NED"]
[Date "1999.06.03"]
[Round "5"]
[White "Janssen, Ruud"]
[Black "Nijboer, Friso"]
[Result "1/2-1/2"]
[WhiteElo "2175"]
[BlackElo "2515"]
[EventDate "1999.05.29"]
[PlyCount "114"]

1.Nf3 Nf6 2.c4 g6 3.Nc3 Bg7 4.e4 d6 5.d4 O-O 6.Be2 e5 7.O-O Nc6 8.d5 Ne7 
9.Nd2 a5 10.a3 Bd7 11.b3 c6 12.Bb2 Bh6 13.c5 dxc5 14.Nc4 cxd5 15.exd5 e4 
16.Na4 Nexd5 17.Nxc5 Bc6 18.Qd4 Nf4 19.Qxd8 Nxe2+ 20.Kh1 Rfxd8 21.Bxf6 Re8
22.Nd6 Bf8 23.Nxe8 Bxc5 24.b4 Bf8 25.Nc7 Rc8 26.b5 Rxc7 27.bxc6 Rxc6 28.
Be5 b5 29.Rfe1 Rc2 30.Rab1 f5 31.Rxb5 Nc1 32.Bd4 a4 33.Rb8 Kf7 34.f3 Nd3 
35.Rf1 exf3 36.Rb7+ Ke6 37.gxf3 Bxa3 38.Rxh7 Bd6 39.Rd1 Nf4 40.Be3 Nd5 41.
Re1 Nxe3 42.Rxe3+ Kf6 43.Rd3 Bc5 44.Rc7 g5 45.h4 gxh4 46.Rd5 Rc1+ 47.Kg2 
Rg1+ 48.Kh2 Be3 49.Rd3 Re1 50.Rc4 Re2+ 51.Kh1 f4 52.Rxa4 Rf2 53.Ra6+ Ke5 
54.Ra5+ Ke6 55.Ra6+ Ke5 56.Ra5+ Ke6 57.Ra6+ Ke5 1/2-1/2

[Event "55th NED-ch"]
[Site "Rotterdam NED"]
[Date "1999.06.03"]
[Round "5"]
[White "Reinderman, Dimitri"]
[Black "Van der Sterren, Paul"]
[Result "1-0"]
[WhiteElo "2541"]
[BlackElo "2535"]
[EventDate "1999.05.29"]
[PlyCount "65"]

1.e4 c6 2.d4 d5 3.exd5 cxd5 4.c4 Nf6 5.Nc3 e6 6.Nf3 Bb4 7.Bd3 dxc4 8.Bxc4 
O-O 9.O-O b6 10.Bg5 Bb7 11.Ne5 Nbd7 12.Qe2 Bxc3 13.bxc3 Qc7 14.Nxd7 Nxd7 
15.Rac1 h6 16.Bh4 Rac8 17.Bb3 Rfe8 18.a4 Qd6 19.Rfe1 Qa3 20.Qd1 e5 21.Ra1 
Qb2 22.Rb1 Qxc3 23.Qh5 Rf8 24.Be7 Qxd4 25.Rbd1 Qc3 26.Re3 Qc7 27.Rg3 Kh8 
28.Rxd7 Qxd7 29.Qxh6+ gxh6 30.Bf6+ Kh7 31.Rg7+ Kh8 32.Rxf7+ Kg8 33.Rxd7+ 
1-0

[Event "55th NED-ch"]
[Site "Rotterdam NED"]
[Date "1999.06.03"]
[Round "5"]
[White "Van der Wiel, John"]
[Black "Cifuentes Parada, Roberto"]
[Result "1/2-1/2"]
[WhiteElo "2526"]
[BlackElo "2529"]
[EventDate "1999.05.29"]
[PlyCount "99"]

1.e4 c5 2.Nf3 Nc6 3.d4 cxd4 4.Nxd4 g6 5.c4 Nf6 6.Nc3 d6 7.Nc2 Bg7 8.Be2 
Nd7 9.O-O Nc5 10.f3 O-O 11.Be3 f5 12.exf5 gxf5 13.Qd2 Kh8 14.Rad1 a5 15.
Kh1 b6 16.Nd5 Bd7 17.b3 Rb8 18.Rfe1 Be6 19.Bf1 Bg8 20.Bg5 Ne6 21.Bh4 f4 
22.Re4 Be5 23.b4 Ng7 24.b5 Bxd5 25.cxd5 Na7 26.Bg5 Nh5 27.Nd4 Qd7 28.Ne6 
Rg8 29.Rc1 Rbc8 30.Rxc8 Rxc8 31.Nxf4 Nf6 32.Rc4 Rxc4 33.Bxc4 Nxb5 34.Ne6 
Nc7 35.f4 Ne4 36.Qc2 Nxe6 37.dxe6 Qc6 38.fxe5 d5 39.Bxe7 Qxc4 40.Qxc4 dxc4
41.Bd8 Kg8 42.Bxb6 c3 43.Kg1 c2 44.Be3 Nc3 45.a3 Kf8 46.Bg5 Na2 47.Kf2 
c1=Q 48.Bxc1 Nxc1 49.Ke3 Ke7 50.Kd4 1/2-1/2

[Event "55th NED-ch"]
[Site "Rotterdam NED"]
[Date "1999.06.04"]
[Round "6"]
[White "Cifuentes Parada, Roberto"]
[Black "Reinderman, Dimitri"]
[Result "0-1"]
[WhiteElo "2529"]
[BlackElo "2541"]
[EventDate "1999.05.29"]
[PlyCount "62"]

1.d4 Nf6 2.Nf3 g6 3.Bg5 Bg7 4.Nbd2 O-O 5.c3 d6 6.e4 h6 7.Bh4 Qe8 8.Bc4 e5 
9.dxe5 dxe5 10.O-O Nh5 11.Re1 Nc6 12.b4 Kh8 13.Nb3 Nf4 14.Nfd2 f5 15.f3 g5
16.Bf2 Qg6 17.b5 Nb8 18.Bf1 fxe4 19.Nxe4 g4 20.fxg4 Bxg4 21.Qd2 Nd7 22.Kh1
Rad8 23.Qe3 Nf6 24.Nxf6 Qxf6 25.Bg1 b6 26.Nd2 Qg6 27.h3 Bc8 28.Ne4 Bb7 29.
Kh2 Rd3 30.Qxd3 Nxd3 31.Bxd3 Rd8 0-1

[Event "55th NED-ch"]
[Site "Rotterdam NED"]
[Date "1999.06.04"]
[Round "6"]
[White "Nijboer, Friso"]
[Black "Van der Sterren, Paul"]
[Result "1/2-1/2"]
[WhiteElo "2515"]
[BlackElo "2535"]
[EventDate "1999.05.29"]
[PlyCount "75"]

1.e4 e5 2.Nf3 Nf6 3.d4 Nxe4 4.Bd3 d5 5.Nxe5 Nd7 6.Nxd7 Bxd7 7.O-O Bd6 8.c4
c6 9.cxd5 cxd5 10.Qh5 O-O 11.Qxd5 Bc6 12.Qh5 g6 13.Qh3 Ng5 14.Qg4 Ne6 15.
Bh6 Re8 16.Nc3 Nxd4 17.Rad1 Be5 18.f4 f5 19.Qh3 Bf6 20.Bg5 Bxg5 21.Bc4+ 
Kh8 22.fxg5 Qb6 23.Kh1 Qxb2 24.Rxd4 Re3 25.Nd1 Qxd4 26.Nxe3 Re8 27.Qh6 
Qxe3 28.Rxf5 Bd5 29.Rf8+ Bg8 30.h3 Qe7 31.Rxe8 Qxe8 32.Qh4 Qe5 33.Bxg8 
Kxg8 34.Qc4+ Kg7 35.Qa4 Qxg5 36.Qxa7 Qc1+ 37.Kh2 Qf4+ 38.Kh1 1/2-1/2

[Event "55th NED-ch"]
[Site "Rotterdam NED"]
[Date "1999.06.04"]
[Round "6"]
[White "Piket, Jeroen"]
[Black "Peng, Zhaoqin"]
[Result "1-0"]
[WhiteElo "2619"]
[BlackElo "2574"]
[EventDate "1999.05.29"]
[PlyCount "59"]

1.Nf3 d5 2.c4 c6 3.e3 Nf6 4.Nc3 e6 5.b3 Nbd7 6.Qc2 Bd6 7.Bb2 O-O 8.Be2 a6 
9.d4 dxc4 10.bxc4 c5 11.Rd1 Qe7 12.Ng5 cxd4 13.exd4 h6 14.h4 Re8 15.c5 Bc7
16.Kf1 Nf8 17.Nge4 Bd7 18.Nxf6+ Qxf6 19.Bf3 Rab8 20.d5 exd5 21.Nxd5 Qd8 
22.Rh3 Bxh3 23.Nf6+ gxf6 24.Rxd8 Bxd8 25.gxh3 Ne6 26.Qf5 Be7 27.Be4 Nf8 
28.Qg4+ Kh8 29.Qh5 Kg8 30.Bd5 1-0

[Event "55th NED-ch"]
[Site "Rotterdam NED"]
[Date "1999.06.05"]
[Round "7"]
[White "Nikolic, Predrag"]
[Black "Nijboer, Friso"]
[Result "1-0"]
[WhiteElo "2633"]
[BlackElo "2515"]
[EventDate "1999.05.29"]
[PlyCount "93"]

1.Nf3 Nf6 2.c4 g6 3.g3 Bg7 4.Bg2 O-O 5.O-O d6 6.d4 Nc6 7.Nc3 Rb8 8.b3 a6 
9.Bb2 b5 10.cxb5 axb5 11.Rc1 b4 12.Na4 Na5 13.Ne1 Bd7 14.Nd3 e6 15.Qd2 
Bxa4 16.bxa4 Qd7 17.Nxb4 Qxa4 18.Bc3 Nd7 19.Qc2 Rxb4 20.Bxb4 Qxb4 21.Qxc7 
Nf6 22.Rb1 Qa4 23.Qxd6 Qxa2 24.Qa6 Qd2 25.Rfd1 Qc3 26.Rdc1 Qd2 27.Qb5 Bh6 
28.Ra1 Be3 29.Rf1 Bxd4 30.Rxa5 h5 31.Bf3 Rc8 32.Ra3 Bc3 33.Qb7 Rd8 34.Qc7 
Bb4 35.Rb3 Bf8 36.Rfb1 Kg7 37.Kg2 h4 38.gxh4 Rd4 39.e3 Bd6 40.Qc6 Rxh4 41.
h3 Be7 42.Rb7 Ng8 43.Rd7 Qa2 44.Rb8 Qa5 45.Bg4 Qg5 46.Qc7 e5 47.Kf1 1-0

[Event "55th NED-ch"]
[Site "Rotterdam NED"]
[Date "1999.06.05"]
[Round "7"]
[White "Peng, Zhaoqin"]
[Black "Van den Doel, Erik"]
[Result "1-0"]
[WhiteElo "2574"]
[BlackElo "2535"]
[EventDate "1999.05.29"]
[PlyCount "119"]

1.d4 Nf6 2.c4 e6 3.Nc3 Bb4 4.Qc2 O-O 5.a3 Bxc3+ 6.Qxc3 b5 7.cxb5 c6 8.Bg5 
cxb5 9.e3 Bb7 10.Nf3 a6 11.Bd3 Bxf3 12.gxf3 Nc6 13.Rg1 Kh8 14.Bc2 Ne7 15.
Qd3 Ng6 16.h4 Qa5+ 17.Kf1 Nh5 18.f4 f5 19.d5 Nf6 20.d6 Rf7 21.Qd4 Rb8 22.
Bxf6 Rxf6 23.h5 Nf8 24.h6 Ng6 25.hxg7+ Kxg7 26.Qa7 Qd8 27.Qxa6 Rb6 28.Qa5 
Qb8 29.Rd1 b4 30.a4 Rxd6 31.Ke2 Rxd1 32.Rxd1 d5 33.Bd3 Qd6 34.Qa7+ Rf7 35.
Qd4+ Kg8 36.a5 e5 37.fxe5 Nxe5 38.Rg1+ Kf8 39.Bb5 f4 40.a6 Qc7 41.Qxb4+ 
Re7 42.Qxf4+ Rf7 43.Qb4+ Re7 44.Qc3 Qb8 45.Bd3 Kf7 46.b3 Re6 47.f4 Ng6 48.
Bxg6+ hxg6 49.Rh1 Rxa6 50.Rh7+ Ke6 51.f5+ Kxf5 52.Qd3+ Kg5 53.Qxa6 Qxb3 
54.Qd3 Qb2+ 55.Qd2 Qb5+ 56.Kf2 Qc5 57.Kg2 Qc4 58.Rh3 Qe4+ 59.Kh2 Qe5+ 60.
Rg3+ 1-0

[Event "55th NED-ch"]
[Site "Rotterdam NED"]
[Date "1999.06.05"]
[Round "7"]
[White "Van der Sterren, Paul"]
[Black "Cifuentes Parada, Roberto"]
[Result "1-0"]
[WhiteElo "2535"]
[BlackElo "2529"]
[EventDate "1999.05.29"]
[PlyCount "131"]

1.c4 e6 2.b3 d5 3.Bb2 Nf6 4.Nf3 Be7 5.g3 O-O 6.Bg2 a5 7.O-O a4 8.Na3 b6 9.
d3 Bb7 10.Qd2 Nc6 11.Nc2 axb3 12.axb3 Rxa1 13.Bxa1 Qd6 14.Qc3 Ra8 15.cxd5 
exd5 16.b4 Ne8 17.b5 Nb4 18.Ncd4 Na2 19.Qc2 Qc5 20.Ne5 Qxc2 21.Nxc2 Nd6 
22.Rb1 Nxb5 23.Rxb5 Nb4 24.Rxb4 Bxb4 25.Bd4 Bd6 26.Nc4 dxc4 27.Bxb7 Ra2 
28.Ne3 cxd3 29.exd3 c5 30.Nc4 Bf8 31.Be5 f6 32.Bd5+ Kh8 33.Nxb6 Ra3 34.Bf4
Rxd3 35.h4 g6 36.Kf1 Kg7 37.Ke2 Ra3 38.Nd7 Be7 39.Be3 Ra5 40.Kd3 Rb5 41.
Bc4 Ra5 42.Ke4 Ra7 43.Nxc5 Bxc5 44.Bxc5 Ra4 45.Kd5 h5 46.f4 f5 47.Bd3 Ra5 
48.Kd6 Kh7 49.Bd4 Ra3 50.Bb5 Rxg3 51.Bf6 Rf3 52.Be5 Rb3 53.Bc4 Rb4 54.Bf7 
Rb7 55.Ke6 Ra7 56.Kf6 Kh6 57.Bc4 Ra4 58.Bf1 Rb4 59.Bg2 Ra4 60.Kf7 Ra7+ 61.
Kg8 Re7 62.Bc6 g5 63.hxg5+ Kg6 64.Bf6 Re6 65.Bd7 Re4 66.Be5 1-0

[Event "55th NED-ch"]
[Site "Rotterdam NED"]
[Date "1999.06.05"]
[Round "7"]
[White "Van der Wiel, John"]
[Black "Piket, Jeroen"]
[Result "1/2-1/2"]
[WhiteElo "2526"]
[BlackElo "2619"]
[EventDate "1999.05.29"]
[PlyCount "38"]

1.e4 e5 2.Nf3 Nc6 3.Bb5 a6 4.Ba4 Nf6 5.O-O Be7 6.Re1 b5 7.Bb3 d6 8.c3 O-O 
9.h3 Na5 10.Bc2 c5 11.d4 Qc7 12.Nbd2 Bd7 13.Nf1 cxd4 14.cxd4 Rfc8 15.Ne3 
Nc6 16.Bb3 Qd8 17.a3 Rab8 18.d5 Na5 19.Bc2 Nc4 1/2-1/2

[Event "55th NED-ch"]
[Site "Rotterdam NED"]
[Date "1999.06.06"]
[Round "8"]
[White "Janssen, Ruud"]
[Black "Peng, Zhaoqin"]
[Result "1-0"]
[WhiteElo "2175"]
[BlackElo "2574"]
[EventDate "1999.05.29"]
[PlyCount "83"]

1.Nf3 d5 2.c4 d4 3.g3 g6 4.Bg2 Bg7 5.d3 e5 6.O-O Ne7 7.b4 O-O 8.Nbd2 a5 9.
b5 c5 10.bxc6 Nexc6 11.Ne1 Na6 12.Nc2 Re8 13.Ne4 h6 14.c5 Re6 15.Ba3 Bf8 
16.Qd2 Kg7 17.g4 Qh4 18.f4 Qxg4 19.fxe5 Rxe5 20.e3 Nxc5 21.exd4 Nxe4 22.
Bxf8+ Kxf8 23.Qxh6+ Kg8 24.dxe5 Ng5 25.Ne3 Qh5 26.Qxh5 gxh5 27.h4 Ne6 28.
Nc4 Ned4 29.Bxc6 bxc6 30.Nb6 Rb8 31.Nxc8 Rxc8 32.Kf2 Rd8 33.Rac1 Rd5 34.
Rg1+ Kf8 35.Ke3 Ne6 36.Rxc6 Rxe5+ 37.Kd2 Nd4 38.Rf6 Re2+ 39.Kc3 Nb5+ 40.
Kc4 Ke7 41.Rgf1 Nd6+ 42.Kd5 1-0

[Event "55th NED-ch"]
[Site "Rotterdam NED"]
[Date "1999.06.06"]
[Round "8"]
[White "Nijboer, Friso"]
[Black "Cifuentes Parada, Roberto"]
[Result "0-1"]
[WhiteElo "2515"]
[BlackElo "2529"]
[EventDate "1999.05.29"]
[PlyCount "100"]

1.e4 c5 2.Nf3 Nc6 3.d4 cxd4 4.Nxd4 Nf6 5.Nc3 d6 6.Bg5 Bd7 7.Be2 Qa5 8.Bxf6
gxf6 9.O-O Rg8 10.Nf5 Bxf5 11.exf5 Qxf5 12.Nd5 O-O-O 13.b4 e6 14.Ne3 Qf4 
15.c4 f5 16.Bh5 Rd7 17.Qa4 Rg5 18.g3 Qe4 19.Bd1 f4 20.Bc2 Qd4 21.b5 Ne5 
22.Rfd1 Qc5 23.b6 Qxb6 24.c5 Qc6 25.Qxf4 Nf3+ 26.Kf1 Nxh2+ 27.Ke2 Rxc5 28.
Bxh7 f5 29.Bg8 Qb5+ 30.Rd3 Qb2+ 31.Rd2 Qxa1 32.Bxe6 Qe5 33.Qxe5 Rxe5 34.
Bxf5 Rxf5 35.Nxf5 Ng4 36.f4 Nf6 37.Kf3 Rc7 38.Rd3 Rc1 39.Ne3 Kd7 40.g4 Rg1
41.g5 Nh5 42.Rd2 Be7 43.Ng2 Ng7 44.Kg4 Ne6 45.a4 b6 46.Kf5 Rf1 47.Kg4 Ra1 
48.Kh5 Rxa4 49.Rf2 Ra5 50.Kg6 Nxf4+ 0-1

[Event "55th NED-ch"]
[Site "Rotterdam NED"]
[Date "1999.06.06"]
[Round "8"]
[White "Nikolic, Predrag"]
[Black "Sokolov, Ivan"]
[Result "1/2-1/2"]
[WhiteElo "2633"]
[BlackElo "2624"]
[EventDate "1999.05.29"]
[PlyCount "29"]

1.d4 Nf6 2.c4 g6 3.g3 c6 4.Bg2 d5 5.cxd5 cxd5 6.Nc3 Bg7 7.e3 O-O 8.Nge2 
Nc6 9.O-O b6 10.b3 Ba6 11.Ba3 Qd7 12.Qd2 Rfd8 13.Rfc1 Rac8 14.Rc2 e6 15.
Nf4 1/2-1/2